[Event "Wch U14"]
[Site "Montevideo"]
[Date "2017.09.24"]
[Round "9"]
[White "Martinez, Jonathan"]
[Black "Rodriguez Delfino, Tiago"]
[Result "1-0"]
[WhiteElo "1556"]
[BlackElo "1456"]
[PlyCount "67"]
[EventDate "2017.09.17"]
[EventType "swiss"]
[EventRounds "11"]
[EventCountry "URU"]
[SourceTitle "CBM 180 Extra"]
[Source "ChessBase"]
[SourceDate "2017.10.06"]
[SourceVersion "1"]
[SourceVersionDate "2017.10.06"]
[SourceQuality "1"]

1. e4 e6 2. d4 d5 3. Nd2 dxe4 4. Nxe4 Nd7 5. Nf3 Ngf6 6. Nxf6+ Nxf6 7. Bd3 Bd6 8. Qe2 Qe7 9. Bg5 h6 10. Bd2 b6 11. Ne5 Bxe5 12. dxe5 Nd7 13. Qf3 Rb8 14. Qg3 g6 15. Be4 Bb7 16. Bxb7 Rxb7 17. 0-0-0 Kf8 18. Qf3 Rb8 19. Rhe1 Kg7 20. Bc3 Rhd8 21. Bd2 Rh8 22. g4 a5 23. Qg3 Rhf8 24. f4 Kh7 25. Qe3 Kg8 26. f5 exf5 27. gxf5 Rfe8 28. e6 fxe6 29. fxg6 Qg7 30. Bc3 e5 31. Qd3 Nc5 32. Qc4+ Ne6 33. Rxe5 Qf8 34. g7 1-0

[Event "Wch U14"]
[Site "Montevideo"]
[Date "2017.09.22"]
[Round "6"]
[White "Marconi, Nicolas"]
[Black "Martinez, Jonathan"]
[Result "0-1"]
[WhiteElo "1790"]
[BlackElo "1556"]
[PlyCount "139"]
[EventDate "2017.09.17"]
[EventType "swiss"]
[EventRounds "11"]
[EventCountry "URU"]
[SourceTitle "CBM 180 Extra"]
[Source "ChessBase"]
[SourceDate "2017.10.06"]
[SourceVersion "1"]
[SourceVersionDate "2017.10.06"]
[SourceQuality "1"]

1. c4 e5 2. Nc3 Nc6 3. Nf3 f5 4. d3 d6 5. g3 g6 6. Bg2 Bg7 7. 0-0 h6 8. Ne1 Nf6 9. e4 0-0 10. f4 Rb8 11. Nc2 Be6 12. Nd5 Ne7 13. Be3 b6 14. Nxe7+ Qxe7 15. Nb4 Rbe8 16. Nc6 Qd7 17. exf5 Bxf5 18. fxe5 dxe5 19. Nb4 Qd6 20. Qb3 c5 21. Nd5 Kh7 22. Rad1 Rd8 23. Qa4 Qd7 24. Qc2 Be6 25. Nxf6+ Rxf6 26. Rxf6 Bxf6 27. Rf1 Bf5 28. Be4 Bg7 29. Bd5 Re8 30. g4 Be6 31. Bxe6 Qxe6 32. Qg2 Rd8 33. Qe4 Qd7 34. Rd1 Qa4 35. Rf1 Qc2 36. g5 h5 37. Rf7 Qxd3 38. Qxe5 Rg8 39. Rxa7 Qxc4 40. Bd2 Qg4+ 41. Qg3 Qxg3+ 42. hxg3 Kh8 43. b3 Rc8 44. Bf4 Bd4+ 45. Kf1 b5 46. Ra6 Kg7 47. Ra7+ Kg8 48. Ke2 Re8+ 49. Kd2 Rd8 50. Kc2 Re8 51. Kd1 Rc8 52. Rc7 Ra8 53. Rc6 Kf7 54. Bd6 Rxa2 55. Bxc5 Bxc5 56. Rxc5 b4 57. Re5 Rf2 58. Re4 Rf3 59. Rxb4 Rxg3 60. Rf4+ Ke7 61. Re4+ Kd6 62. Rd4+ Kc6 63. Rc4+ Kb5 64. Kc2 Rxg5 65. Re4 Rc5+ 66. Kd3 g5 67. Kd4 Rf5 68. Kc3 g4 69. Rb4+ Kc6 70. Kc4 0-1

[Event "Wch U14"]
[Site "Montevideo"]
[Date "2017.09.22"]
[Round "7"]
[White "Martinez, Jonathan"]
[Black "Pena Cifuentes, Tomas Alberto"]
[Result "1/2-1/2"]
[WhiteElo "1556"]
[BlackElo "1943"]
[PlyCount "139"]
[EventDate "2017.09.17"]
[EventType "swiss"]
[EventRounds "11"]
[EventCountry "URU"]
[SourceTitle "CBM 180 Extra"]
[Source "ChessBase"]
[SourceDate "2017.10.06"]
[SourceVersion "1"]
[SourceVersionDate "2017.10.06"]
[SourceQuality "1"]

1. e4 e6 2. d4 d5 3. Nd2 Nc6 4. Ngf3 Nf6 5. e5 Nd7 6. Be2 f6 7. exf6 Qxf6 8. Nf1 b6 9. Ne3 Bb7 10. 0-0 0-0-0 11. c3 Bd6 12. b4 Ne7 13. Qa4 Kb8 14. Ba6 Ba8 15. Qb3 h5 16. a4 e5 17. Rd1 e4 18. Ne1 h4 19. h3 Qf7 20. a5 Nf6 21. Qa4 Bc6 22. Qa2 b5 23. Qe2 Qe8 24. N1c2 Bd7 25. Na3 c6 26. Bd2 Nf5 27. Nxf5 Bxf5 28. Nxb5 cxb5 29. Bxb5 Bd7 30. Bxd7 Qxd7 31. Rdb1 Rc8 32. b5 Rc4 33. Qd1 Qb7 34. Qb3 Rhc8 35. Rc1 Ka8 36. Rc2 Kb8 37. Bc1 Kc7 38. Rb2 Kd8 39. Rc2 Ke7 40. Ba3 Bxa3 41. Qxa3+ Kf7 42. Rb1 Rxd4 43. cxd4 Rxc2 44. Qd6 Qc7 45. Qa3 Nd7 46. Qb3 Rc4 47. b6 axb6 48. axb6 Nxb6 49. g3 hxg3 50. Qxb6 Qxb6 51. Rxb6 gxf2+ 52. Kxf2 Rxd4 53. h4 Rd3 54. Rb7+ Kf6 55. Rb6+ Ke5 56. Rg6 Rh3 57. Rg5+ Kd4 58. Rg4 Kd3 59. Kg2 Rf3 60. Rxg7 Rf5 61. Rg5 Rxg5+ 62. hxg5 e3 63. g6 e2 64. g7 e1Q 65. g8Q Qe4+ 66. Kg1 Kd2 67. Qa8 Qe1+ 68. Kg2 d4 69. Qa2+ Kd1 70. Qa1+ 1/2-1/2

[Event "Wch U14"]
[Site "Montevideo"]
[Date "2017.09.19"]
[Round "4"]
[White "Mis, Mieszko"]
[Black "Martinez, Jonathan"]
[Result "1-0"]
[WhiteElo "2245"]
[BlackElo "1556"]
[PlyCount "75"]
[EventDate "2017.09.17"]
[EventType "swiss"]
[EventRounds "11"]
[EventCountry "URU"]
[SourceTitle "CBM 180 Extra"]
[Source "ChessBase"]
[SourceDate "2017.10.06"]
[SourceVersion "1"]
[SourceVersionDate "2017.10.06"]
[SourceQuality "1"]

1. c4 c5 2. Nf3 Nc6 3. Nc3 e5 4. g3 g6 5. Bg2 Bg7 6. 0-0 Nge7 7. a3 d6 8. Rb1 a5 9. d3 0-0 10. Nd5 Nxd5 11. cxd5 Nd4 12. Nd2 Bg4 13. Re1 a4 14. h3 Bd7 15. e3 Nf5 16. Ne4 b5 17. Bd2 Qb6 18. Qf3 f6 19. Rbc1 Ne7 20. d4 cxd4 21. exd4 f5 22. Nc5 dxc5 23. dxc5 Qa6 24. c6 Be8 25. Bb4 e4 26. Qd1 Rf7 27. Bf1 Nc8 28. f3 Nb6 29. fxe4 fxe4 30. Rxe4 Rc8 31. Qe2 Qa8 32. Re1 Rxf1+ 33. Kxf1 Bf7 34. Re7 Bxd5 35. Rxg7+ Kxg7 36. Qe5+ Kg8 37. Bc3 Rf8+ 38. Kg1 1-0